[Event "Maastricht Limburg op-B 9th"]
[Site "Maastricht"]
[Date "2015.05.25"]
[Round "6"]
[White "Corneth, Erik"]
[Black "Boom, Harrie"]
[Result "0-1"]
[WhiteElo "1984"]
[BlackElo "1780"]
[PlyCount "54"]
[EventDate "2015.05.22"]
[EventType "swiss"]
[EventRounds "7"]
[EventCountry "NED"]
[SourceTitle "EXT 2016"]
[Source "ChessBase"]
[SourceDate "2015.10.08"]
[SourceVersion "1"]
[SourceVersionDate "2015.10.08"]
[SourceQuality "1"]

1. e4 c5 2. d4 cxd4 3. c3 dxc3 4. Nxc3 d6 5. Bc4 e6 6. Nf3 Nc6 7. 0-0 Nf6 8. Qe2 a6 9. Rd1 Qc7 10. Bg5 Be7 11. Rac1 0-0 12. a3 Bd7 13. b4 b5 14. Ba2 Rfe8 15. Qd3 Rad8 16. Nd5 exd5 17. exd5 Qb7 18. dxc6 Bxc6 19. Nh4 Be4 20. Qg3 Nh5 21. Qg4 Bxg5 22. Qxg5 Nf6 23. f3 h6 24. Qf4 Bh7 25. Nf5 Bxf5 26. Qxf5 Re2 27. Rxd6 Rxd6 0-1

[Event "Maastricht Limburg op-B 9th"]
[Site "Maastricht"]
[Date "2015.05.23"]
[Round "2"]
[White "Corneth, Erik"]
[Black "Boschmans, Jos"]
[Result "0-1"]
[WhiteElo "1984"]
[BlackElo "1853"]
[PlyCount "40"]
[EventDate "2015.05.22"]
[EventType "swiss"]
[EventRounds "7"]
[EventCountry "NED"]
[SourceTitle "EXT 2016"]
[Source "ChessBase"]
[SourceDate "2015.10.08"]
[SourceVersion "1"]
[SourceVersionDate "2015.10.08"]
[SourceQuality "1"]

1. e4 c6 2. d4 d5 3. exd5 cxd5 4. Bd3 Nc6 5. c3 Qc7 6. Nf3 Bg4 7. 0-0 e6 8. Nbd2 Nf6 9. Qa4 Bd6 10. b3 0-0 11. Ba3 a6 12. Bxd6 Qxd6 13. c4 b5 14. cxb5 axb5 15. Qxb5 Ra5 16. Bxh7+ Kxh7 17. Qd3+ Bf5 18. Qc3 Ne4 19. Nxe4 dxe4 20. Nh4 Rd5 0-1